Elektrické a optické káble. Skúšobné metódy pre nekovové materiály : Časť 201: Všeobecné skúšky. Meranie hrúbky izolácií. Zmena A1. STN EN 60811-201/A1
Salvato in:
| Natura: | Libro |
|---|---|
| Lingua: | inglese |
| Pubblicazione: |
Geneva :
International Electrotechnical Commission,
2017
|
| Tags: |
Nessun Tag, puoi essere il primo ad aggiungerne!!
|
MARC
| LEADER | 00000nam a22000003a 4500 | ||
|---|---|---|---|
| 001 | 0072735 | ||
| 003 | SK-STU | ||
| 005 | 20190415134333.5 | ||
| 007 | ta | ||
| 008 | 190415s ----xo-----e------000-0-----d | ||
| 040 | |a STU |b slo | ||
| 041 | 0 | |a eng | |
| 044 | |a sz | ||
| 245 | 1 | 0 | |a Elektrické a optické káble. Skúšobné metódy pre nekovové materiály : |b Časť 201: Všeobecné skúšky. Meranie hrúbky izolácií. Zmena A1. STN EN 60811-201/A1 |
| 260 | |a Geneva : |b International Electrotechnical Commission, |c 2017 | ||
| 300 | |a 6 s. | ||
| 996 | |b 284EO00486 |c E*O-486 |l EE32 |s P |a 0 |w 0072735_0001 | ||